Integrated research, innovation and competitiveness strategy for the Energy Union

Stratégia energetickej únie. Jej priority.

Salvato in:
Dettagli Bibliografici
Autore principale: Vázques, Ana Diaz
Altri autori: Peteves, Stathis, Soria, Antonio
Natura: Capitolo di libro
Lingua:inglese
Soggetti:
Tags: Aggiungi Tag
Nessun Tag, puoi essere il primo ad aggiungerne!!

MARC

LEADER 00000naa a2200000 4500
001 0227586
005 20221019172958.2
041 0 |a eng 
044 |a SK 
245 1 0 |a Integrated research, innovation and competitiveness strategy for the Energy Union  |c Ana Diaz Vázques, Stathis Peteves, Antonio Soria 
520 |a Stratégia energetickej únie. Jej priority. 
610 2 0 |a bezpečnosť energetická 
610 2 0 |a stratégia inovačná 
610 2 0 |a politika energetická 
610 2 0 |a trh jednotný 
610 2 0 |a Európska únia 
610 2 0 |a konkurencia 
100 1 |a Vázques, Ana Diaz 
700 1 |a Peteves, Stathis 
700 1 |a Soria, Antonio